Baltic Sea Countries After World War II - Statistics

General Stats
  • This quiz has been taken 153 times
  • The average score is 6 of 7
Answer Stats
Country % Correct
Finland
99%
Sweden
99%
Poland
97%
Denmark
94%
Soviet Union
94%
East Germany
72%
West Germany
67%
No matching quizzes found
Score Distribution
Percent of People with Each Score
Percentile by Number Answered
Your Score History
You have not taken this quiz